Statistics for 20 Largest Cities in Texas by Population

Click here to take the quiz!

General Stats

  • This quiz has been taken 27 times
  • The average score is 13 of 20

Answer Stats

Answer% Correct
Houston
100%
San Antonio
100%
Austin
96%
Dallas
96%
Fort Worth
96%
Corpus Christi
85%
El Paso
85%
Amarillo
77%
Plano
77%
Arlington
65%
Lubbock
65%
Laredo
62%
Brownsville
58%
Grand Prairie
50%
Irving
50%
Frisco
35%
Garland
27%
McKinney
23%
Pasadena
19%
Killeen
8%

Score Distribution

Percentile by Number Answered

Percent of People with Each Score

Your Score History

You have not taken this quiz